00483 a2200145 450000500170000001000130001702000230003003500130005303700160006608200130008224500790009526000460017427000950022030000220031520240510124002.0 aB-758893 a8189479091c400.00 aB-758893 bGift/Unesco a363.822 aRight To Food/cColoin Gonsalves, P.Ramesh Kumar Aur Anup Kumar Srivastava aNew DelhibHuman Rights Law Networkc2005 aA Division of Socio Legal Information Centre 65, Masjid Road ,JangpurabNew Delhie110014 a520 p.c21cm (Pb)